The extraordinary leader : turning good managers into great leaders
| Main Author: | |
|---|---|
| Other Authors: | |
| Format: | Book |
| Published: |
New york :
McGraw-Hill ,
2002
|
| Subjects: |
MARC
| LEADER | 00000cam a2200000 7i4500 | ||
|---|---|---|---|
| 001 | 0000011940 | ||
| 005 | 20220223.0 | ||
| 020 | |a 0071387471 | ||
| 040 | |a INS | ||
| 090 | 0 | 0 | |a HD57.7 |b Z46 2002 |
| 100 | 1 | |a Zenger, John H. | |
| 245 | 1 | 4 | |a The extraordinary leader : |b turning good managers into great leaders |c John H. Zenger |
| 260 | |a New york : |b McGraw-Hill , |c 2002 | ||
| 300 | |a xvi : |b 296p ; |c 24cm. | ||
| 500 | |a Includes bibliographical references (p.285-290) and index | ||
| 650 | 0 | 0 | |a Leadership |
| 700 | 0 | |a Folkman |x Joseph | |
| 999 | |a 0000012825 |b BOOK |c Open Shelf |e Default branch | ||